BIBLIOTHÈQUE DE LA MAISON DU MEXIQUE

Logo 1 Logo 2

Histoire des Indes (notice nᵒ 10825)

détails MARC
000 -Sello discográfico
campo de control de longitud fija 01330nam a2200421 4500
005 - Identificación de versión
campo de control 20251016083803.0
010 ## - Número Estándar Internacional de Libros (ISBN)
Número (ISBN) 2-02-052539-9
035 ## - Otros números de control del sistema
Número de control del sistema 9014
099 ## - fechas locales
Tipo de ítem Koha LIBRO
100 ## - Datos de procesamiento general
Datos de procesamiento general 20040223d2002 m y1spay5003 ba
101 1# - Idioma del recurso
Idioma del texto, banda sonora, etc. Francés
Idioma de la obra original Español; Castellano
105 ## - Campo de datos codificados: Material textual, monográfico
Datos codificados de monografía y 001zy
200 1# - Título y mención de responsabilidad
Título propio Histoire des Indes
Designación general del material texto impreso
Primer mención de responsabilidad Bartolomé de las Casas
Declaración de responsabilidad subsiguiente traduction Jean-Pierre Clément, Jean-Marie Saint Lu
210 ## - Publicación, distribución, etc.
Lugar de publicación, distribución, etc. Paris
Nombre del editor, distribuidor, etc. Editions du Seuil
Fecha de publicación, distribución, etc. 2002
215 ## - Descripción física
Designación de material específico y extensión del ítem 3 v
Dimensiones 22 cm
318 ## - Nota de acción
Acción No se presta a domicilio
345 ## - Nota de información de adquisición
Fuente de adquisición/dirección de la suscripción [OBSOLETO] Compra
454 #1 - Traducción de
Título Historia de las Indias
606 ## - Término temático usado como materia
Elemento de entrada Indios, Tratamiento de
Subdivisión temática Historia
Subdivisión geográfica México
Número Koha 3841
660 ## - Código de área geográfica
Código MX
700 ## - Nombre personal - Responsabilidad primaria
Elemento de entrada Casas
Parte del nombre distinta del elemento de entrada Bartolomé de las
Fechas 1474-1566
Adiciones a los nombres que no sean fechas ob. de Michoacán
Número Koha 17343
702 ## - Nombre personal - Responsabilidad secundaria
Elemento de entrada Clément
Parte del nombre distinta del elemento de entrada Jean-Pierre
Número Koha 17344
702 ## - Nombre personal - Responsabilidad secundaria
Elemento de entrada Saint-Lu
Parte del nombre distinta del elemento de entrada Jean-Marie
Número Koha 8369
801 #0 - Fuente de origen
Agencia cm
900 ## -
-- 1/6578
900 ## -
-- 7100418340\230204
942 ## - ELEMENTOS DE ENTRADA SECUNDARIOS (KOHA)
Tipo de ítem Koha Livre
996 ## -
-- MEX
-- 751145101
-- MMAG
-- 008170
-- R972.01 C335H V.1
-- 20230705LIV
996 ## -
-- MEX
-- 751145101
-- MMAG
-- 008171
-- R972.01 C335H V.2
-- 20230705LIV
996 ## -
-- MEX
-- 751145101
-- MMAG
-- 008172
-- R972.01 C335H V.3
-- 20230705LIV
Exemplaires
Estatus retirado Estado de daño Estado de pérdida Fecha de adquisición Biblioteca de origen Biblioteca actual Ubicación en estantería Código de barras Precio de reemplazo Signatura topográfica completa No para préstamo Tipo de ítem Koha Nota pública Nota no pública
      05/08/2025 Casa México Paris Casa México Paris   008170 05/08/2025 R972.01 C335H V.1 No se presta a domicilio Livre 20230705LIV 751145101
      05/08/2025 Casa México Paris Casa México Paris   008171 05/08/2025 R972.01 C335H V.2 No se presta a domicilio Livre 20230705LIV 751145101
      05/08/2025 Casa México Paris Casa México Paris   008172 05/08/2025 R972.01 C335H V.3 No se presta a domicilio Livre 20230705LIV 751145101